| 000 | 00707nam a22002417a 4500 | ||
|---|---|---|---|
| 005 | 20130404113935.0 | ||
| 008 | 130404b xxu||||| |||| 00| 0 eng d | ||
| 010 | _aENG-106792 | ||
| 020 |
_a9781259006845 _c375.00 |
||
| 020 |
_a1259006840 _c375.00 |
||
| 035 | _aEN-90325 | ||
| 037 | _bDBAD / PUB | ||
| 040 |
_adpl _bEnglish |
||
| 082 | _a621.26 | ||
| 100 | _aSubramanya, K. | ||
| 245 |
_aHydraulic machines / _cby K. Subramanya |
||
| 260 |
_aNew Delhi _bTata McGraw-Hill _c2013 |
||
| 270 |
_a7 West Patel Nagar _bNew Delhi _e110008 |
||
| 300 |
_axiii,599p. : _bill. _c24cm(pbk) |
||
| 500 | _aIncludes index | ||
| 650 | _aHydraulic machinery | ||
| 942 |
_2ddc _cEN _h621.26 _mSUB |
||
| 999 |
_c74170 _d74170 |
||